000 01395nam a2200361 a 4500
001 ebr10648925
003 CaPaEBR
006 m u
007 cr cn|||||||||
008 021214s2003 nyu sb 001 0 eng d
010 _z 2002155923
020 _z0801438454 (cloth alk. paper)
020 _z0801489598
020 _z9780801489594
020 _z9780801467073 (e-book)
040 _aCaPaEBR
_cCaPaEBR
035 _a(OCoLC)609304110
050 1 4 _aJZ6368
_b.F56 2003eb
082 0 4 _a327.1/17
_221
100 1 _aFinnemore, Martha.
245 1 4 _aThe purpose of intervention
_h[electronic resource] :
_bchanging beliefs about the use of force /
_cMartha Finnemore.
260 _aIthaca :
_bCornell University Press,
_c2003.
300 _aviii, 171 p.
440 0 _aCornell studies in security affairs
504 _aIncludes bibliographical references and index.
533 _aElectronic reproduction.
_bPalo Alto, Calif. :
_cebrary,
_d2013.
_nAvailable via World Wide Web.
_nAccess may be limited to ebrary affiliated libraries.
650 0 _aIntervention (International law)
650 0 _aMilitary policy
_xDecision making.
650 0 _aHumanitarian intervention.
655 7 _aElectronic books.
_2local
710 2 _aebrary, Inc.
856 4 0 _uhttp://site.ebrary.com/lib/rucke/Doc?id=10648925
_zAn electronic book accessible through the World Wide Web; click to view
999 _c44901
_d44901